| Поле | Инд. | ПП | Название | Значение |
|---|---|---|---|---|
| Тип записи | a | |||
| Библиографический уровень | m | |||
| 001 | Контрольный номер | d8eb1f31-da98-40ed-abff-8e8e4574d379 | ||
| 005 | Дата корректировки | 20230512110902.2 | ||
| 008 | Кодируемые данные | 081125 | ||
| 020 | a | ISBN | 978-5-87049-596-5 | |
| 040 | a | Служба первич. каталог. | НБ ТвГУ | |
| 041 | 0_ | a | Код языка текста | rus |
| 080 | a | Индекс УДК | 783:781.24 | |
| 084 | a | Индекс другой классификации/Индекс ББК | Щ310.5г(2Рос)3 | |
| a | Индекс другой классификации/Индекс ББК | Щ905 | ||
| a | Индекс другой классификации/Индекс ББК | Щ99 | ||
| 090 | x | Авторский знак | К17 | |
| a | Полочн. индекс | Щ310.5 | ||
| 100 | 1_ | a | Автор | Калашников Лазарь Филиппович |
| 245 | 10 | a | Заглавие | Азбука знаменного пения; Азбука демественного пения |
| b | Продолж. заглавия | [сборник] | ||
| c | Ответственность | Л. Ф. Калашников | ||
| 245 | 00 | a | Заглавие | Азбука демественного пения |
| 250 | a | Основные сведения об издании | Репринт. изд. | |
| 260 | 0_ | a | Место издания | Москва |
| b | Издательство | Изд. отд. Митрополии Моск. и всея Руси Рус. Православ. старообряд. Церкви | ||
| c | Дата издания | 2008 | ||
| 300 | a | Объем | 80 с. | |
| 650 | 04 | a | Основная рубрика | Музыкально-теоретические дисциплины |
| x | Основная подрубрика | История | ||
| z | Географическая подрубрика | Древняя Русь | ||
| 650 | 04 | a | Основная рубрика | Музыкальные азбуки древнерусские |
| x | Основная подрубрика | Крюковое пение | ||
| x | Основная подрубрика | Демественное пение | ||
| 650 | 04 | a | Основная рубрика | Церковная музыка |
| x | Основная подрубрика | Знаменный распев | ||
| 650 | 04 | a | Основная рубрика | Церковное пение знаменное |
| 650 | 04 | a | Основная рубрика | Церковное пение знаменное демественное |
| 653 | 0_ | a | Ключевые слова | Музыкально-теоретические дисциплины |
| a | Ключевые слова | История музыкально-теоретических систем | ||
| a | Ключевые слова | Музыкальные азбуки | ||
| a | Ключевые слова | Азбуки церковного пения | ||
| a | Ключевые слова | Древнерусские музыкальные азбуки | ||
| a | Ключевые слова | Древнерусская церковная музыка | ||
| a | Ключевые слова | Церковная музыка | ||
| a | Ключевые слова | Крюковое пение | ||
| a | Ключевые слова | Знаменный распев | ||
| a | Ключевые слова | Знаменное пение | ||
| a | Ключевые слова | Церковное знаменное пение | ||
| a | Ключевые слова | Демественное пение | ||
| a | Ключевые слова | Церковное демественное пение | ||
| 852 | 41 | i | Расстановочный признак | Проверка 2023 |
| 920 | a | Оператор | Поля | |
| 952 | c | Вид литературы | К рн | |
| 954 | a | Дата поступления на обработку | 20081125 | |
| e | Дата перешифровки | 20230512 |